Meždunarodnyje ekonomičeskije i naučno-techničeskije organizacii stran-členov SEV spravočnik

Na minha lista:
Detalhes bibliográficos
Formato: Livro
Idioma:russo
Publicado em: Moskva Meždunarodnyje otnošenija 1980
Tags: Adicionar Tag
Sem tags, seja o primeiro a adicionar uma tag!

MARC

LEADER 00000nam a2200000 4500
001 c142012
005 20041019155323.6
041 0 |a rus 
044 |a RU 
245 1 0 |a Meždunarodnyje ekonomičeskije i naučno-techničeskije organizacii stran-členov SEV  |b spravočnik 
264 1 |a Moskva  |b Meždunarodnyje otnošenija  |c 1980 
300 |a 251 s.